000 00553nam a2200193Ia 4500
005 20250923144828.0
008 008 250917s9999 xx 000 0 eng d
037 _aTextual
040 _aDSWL
_beng
_cDSWL
041 _aeng
_2eng
084 _aZ2(W,64:28)'N60t, N62
_qDSWL
245 0 _aRt. of the study team of Nyaya Panchayati April 62
260 _aNew Delhi
_bDelhiGovt. Of India
_c1962
300 _a227p.
365 _aINR
_b2.60
925 _g2.60
942 _cTEXL
_hZ2(W,64:28)'N60t, N62
999 _c1443867
_d1443867